00846nam a22002297a 45000010005000000030006000050050017000110080041000280200015000690400029000840500016001130820010001291000017001392450113001562600040002693000051003095050008003605200180003685210029005485210020005776500019005977382FISKH20250711105901.0250711b cb ||||| |||| 00| 0 eng d a0736421300 aFISKHbengcFISKHdFISKH aPZ7.H4763 N a813.6 aHerman, Gail aFinding Nemo :bThe junior novelization /cAdapted by Gail Herman : Designed by Disney's Global Design Group aNew York : bRandom House , c2003. a127 pages : bcolor illustrations ; c20 cm .  aK  aJoin Marlin, a brave clownfish, who must embark on an amazing journey across the ocean to find his son, Nemo. This junior novel features full-color stills from the hit movie! 8 a510 bLexile estimate 8 aK bRaz-Plus  aMovievFiction